DEVIL ON THE CROSS (Record no. 216080)

MARC details
000 -LEADER
fixed length control field 00415nam a22001577a 4500
008 - FIXED-LENGTH DATA ELEMENTS--GENERAL INFORMATION
fixed length control field 250915b |||||||| |||| 00| 0 eng d
020 ## - INTERNATIONAL STANDARD BOOK NUMBER
International Standard Book Number 9966-46-168-X
100 ## - MAIN ENTRY--PERSONAL NAME
Personal name NGUGI WA THIONGO
245 ## - TITLE STATEMENT
Title DEVIL ON THE CROSS
260 ## - PUBLICATION, DISTRIBUTION, ETC.
Place of publication, distribution, etc. NAIROBI
Name of publisher, distributor, etc. EAST AFRICAN EDUCATIONAL PUBLISHERS LTD
Date of publication, distribution, etc. 1982
300 ## - PHYSICAL DESCRIPTION
Extent 254P.
500 ## - GENERAL NOTE
General note INCLUDES AN INDEX
650 ## - SUBJECT ADDED ENTRY
Topical term or geographic name entry element LITERATURE
942 ## - ADDED ENTRY ELEMENTS (KOHA)
Source of classification or shelving scheme Library of Congress Classification
Koha item type Long Loan Book
Holdings
Withdrawn status Lost status Source of classification or shelving scheme Damaged status Not for loan Collection Home library Current library Shelving location Date acquired Inventory number Total checkouts Full call number Barcode Date last seen Date last checked out Copy number Price effective from Koha item type Total renewals
    Library of Congress Classification     Arts & Social Sciences Kisii University Library Kisii University Library On Display 09/15/2025 109482 2 PR 9381.9 .N45T495 1982 000000023579 10/21/2025 10/10/2025 C.2 09/15/2025 Long Loan Book  
    Library of Congress Classification     Arts & Social Sciences Kisii University Library Kisii University Library On Display 09/15/2025 109481 9 PR 9381.9 .N45T495 1982 000000023578 04/07/2026 03/25/2026 C.1 09/15/2025 Long Loan Book 1